| 000 | 01216 a2200193 4500 | ||
|---|---|---|---|
| 020 | _a0256115656 (paperback) | ||
| 020 | _a9780256115659 (paperback) | ||
| 082 | 0 | 4 | _a808.066651 |
| 090 |
_c4396 _d4396 |
||
| 100 | 1 | _aLesikar, Raymond V. | |
| 245 | 1 | 0 |
_aReport writing for business / _cRaymond V. Lesikar, John D. Pettit. |
| 250 | _a9th ed. | ||
| 260 |
_a[S.l.] : _bRichard D Irwin, _c1994. |
||
| 300 |
_a480 p. ; _c24 cm. |
||
| 520 | _aBecause learning communication is a prerequisite for success, this text applies the concept of writing and speaking to business communication. It integrates basic skills, intellectual inquiry and specific topics of communication applicable to the professional world. New material on using the techniques of writing, speaking, and interpersonal communication to make meetings more productive includes checklists to help prepare for and run meetings and a section on managing difficult personalities. Information databases are covered as new research tools, which can increase productivity, accuracy, and credibility. | ||
| 700 | 1 | _aPettit, John D. | |
| 856 | 4 | 0 |
_3Amazon.com _uhttp://www.amazon.com/exec/obidos/ASIN/0256115656/chopaconline-20 |
| 942 |
_aNBS _cBK _k808.066651 LES |
||
| 999 |
_c346841 _d346841 |
||